<?xml version="1.0" encoding="UTF-8"?>
<record
    xmlns:xsi="http://www.w3.org/2001/XMLSchema-instance"
    xsi:schemaLocation="http://www.loc.gov/MARC21/slim http://www.loc.gov/standards/marcxml/schema/MARC21slim.xsd"
    xmlns="http://www.loc.gov/MARC21/slim">

  <leader>00422nam a2200181Ia 4500</leader>
  <controlfield tag="008">230512s9999    xx            000 0 und d</controlfield>
  <datafield tag="041" ind1=" " ind2=" ">
    <subfield code="a">eng</subfield>
  </datafield>
  <datafield tag="082" ind1=" " ind2=" ">
    <subfield code="a">658.406</subfield>
  </datafield>
  <datafield tag="100" ind1=" " ind2=" ">
    <subfield code="a">CHARAN R/ TICHY N</subfield>
  </datafield>
  <datafield tag="245" ind1=" " ind2=" ">
    <subfield code="a">EVERY BUSINESS IS A GROWTH BUSINESS</subfield>
  </datafield>
  <datafield tag="250" ind1=" " ind2=" ">
    <subfield code="a">1</subfield>
  </datafield>
  <datafield tag="260" ind1=" " ind2=" ">
    <subfield code="b">THREE RIVERS PRESS NEW YORK</subfield>
  </datafield>
  <datafield tag="300" ind1=" " ind2=" ">
    <subfield code="a">333</subfield>
  </datafield>
  <datafield tag="365" ind1=" " ind2=" ">
    <subfield code="b">438</subfield>
  </datafield>
  <datafield tag="500" ind1=" " ind2=" ">
    <subfield code="a">Paper Back</subfield>
  </datafield>
  <datafield tag="520" ind1=" " ind2=" ">
    <subfield code="a">General</subfield>
  </datafield>
  <datafield tag="650" ind1=" " ind2=" ">
    <subfield code="a">General Book</subfield>
  </datafield>
  <datafield tag="999" ind1=" " ind2=" ">
    <subfield code="c">407403</subfield>
    <subfield code="d">407403</subfield>
  </datafield>
  <datafield tag="952" ind1=" " ind2=" ">
    <subfield code="0">0</subfield>
    <subfield code="1">0</subfield>
    <subfield code="4">0</subfield>
    <subfield code="7">0</subfield>
    <subfield code="a">MCK</subfield>
    <subfield code="b">MCK</subfield>
    <subfield code="c">49E</subfield>
    <subfield code="d">2009-02-26</subfield>
    <subfield code="e">BHARATI MADHYAVARTI SAHAKARI GRAHAK BHANDAR LTD</subfield>
    <subfield code="g">515.00</subfield>
    <subfield code="h">15</subfield>
    <subfield code="l">0</subfield>
    <subfield code="o">658.406</subfield>
    <subfield code="p">MCK-11881</subfield>
    <subfield code="r">2023-05-22 00:00:00</subfield>
    <subfield code="w">2023-05-22</subfield>
    <subfield code="y">BK</subfield>
  </datafield>
</record>
